000 003210000a22001450004500
003 MACL
040 _aMACL
090 _c32738
_d32736
100 _aPrakash, Dr R
245 _aEssentials of General Knowledge
260 _bAsian Books Private Ltd
_c2002
350 _a99
650 _aGeneralia
942 _cBOOK
_k001/PRA
999 _c32403
_d32403